Catálogo
Digital

Catálogo
Digital

Nuevas narrativas para el periodismo y la comunicación en la era digital (Record no. 14468)

MARC details
000 -CABECERA
campo de control de longitud fija 03686nam a2200337 4500
003 - IDENTIFICADOR DEL NÚMERO DE CONTROL
campo de control EC-UNACH
005 - FECHA Y HORA DE LA ÚLTIMA TRANSACCIÓN
campo de control 20260331122232.0
006 - CÓDIGOS DE INFORMACIÓN DE LONGITUD FIJA--CARACTERÍSTICAS DEL MATERIAL ADICIONAL
campo de control de longitud fija s||||gr|||| 00| 00
008 - DATOS DE LONGITUD FIJA--INFORMACIÓN GENERAL
campo de control de longitud fija 150116t9999 mx r gr 000 0 spa d
020 ## - NÚMERO INTERNACIONAL ESTÁNDAR DEL LIBRO
Número Internacional Estándar del Libro 978-9942-661-89-0
040 ## - FUENTE DE LA CATALOGACIÓN
Centro catalogador/agencia de origen EC-UNACH
Centro/agencia transcriptor EC-UNACH
041 ## - CÓDIGO DE LENGUA
Código de lengua del texto/banda sonora o título independiente spa
082 04 - NÚMERO DE LA CLASIFICACIÓN DECIMAL DEWEY
Número de edición 23
Número de clasificación 070.4
Número de documento/Ítem L018611
100 ## - ENTRADA PRINCIPAL--NOMBRE DE PERSONA
Nombre de persona Ruales Parreño, Ramiro Geovanny / Larrea Naranjo, Carlos Alberto / Robalino Latorre, Mercedes Itzayana
245 ## - MENCIÓN DE TÍTULO
Título Nuevas narrativas para el periodismo y la comunicación en la era digital
250 ## - MENCIÓN DE EDICIÓN
Mención de edición Primera edición
264 ## - Producción, publicación, distribución, fabricación y copyright
Lugar de producción, publicación, distribución, fabricación Riobamba - Ecuador
Nombre del de productor, editor, distribuidor, fabricante Universidad Nacional de Chimborazo
Fecha de de producción, publicación, distribución, fabricación o copyright 2025
264 ## - Producción, publicación, distribución, fabricación y copyright
Lugar de producción, publicación, distribución, fabricación Producción - UNACH
300 ## - DESCRIPCIÓN FÍSICA
Extensión 250 páginas
501 ## - NOTA DE "CON"
Nota de “Con” El libro Nuevas narrativas para el periodismo y la comunicación en la era digital analiza la evolución significativa que han experimentado la comunicación y el periodismo en el entorno digital. Las formas convencionales de narración y difusión de información han sido reconsideradas debido a la llegada de tecnologías emergentes y la disponibilidad de grandes cantidades de datos. Este texto proporciona un análisis exhaustivo sobre cómo las nuevas narrativas digitales están configurando la manera en que los periodistas y comunicadores elaboran y difunden contenido.<br/><br/>El periodismo de datos se posiciona como una herramienta fundamental para la interpretación y divulgación de información compleja de forma comprensible, promoviendo la transparencia y contrarrestando la desinformación. Se examinan los desafíos que enfrentan los profesionales de la comunicación al ajustarse a un contexto en el que la rapidez y la dispersión de la información son características predominantes. Este libro analiza, además, el efecto de las redes sociales y las plataformas digitales en la selección de información, así como en la formación de burbujas informativas que pueden reforzar sesgos previamente establecidos.<br/><br/>Este tratado está dirigido a profesionales y estudiantes de comunicación y periodismo, y ofrece una guía tanto práctica como teórica para comprender y sacar provecho de las nuevas herramientas y enfoques en la creación de contenidos en la era digital. Invita a los lectores a reflexionar sobre el futuro de la narrativa en un mundo cada vez más interconectado y digitalizado, a través de estudios de caso, análisis de tendencias y discusiones sobre la ética y la responsabilidad en la comunicación digital.
505 ## - NOTA DE CONTENIDO CON FORMATO
Nota de contenido con formato Capítulo I: El periodismo de datos y rendición de cuentas -- Capítulo II: El periodismo como herramienta de transparencia -- Capítulo III: Interculturalidad y digitalización de contenidos -- Capítulo IV: Inteligencia artificial en la comunicación -- Capítulo V: Etnografía de la comunicación y narrativas crossmedia, transmedia para audiencias digitales -- Capítulo VI: Estrategias para gestionar la reputación online - Gestión de crisis de reputación -- Capítulo VII: Las competencias profesionales se entrelazan con las narrativas y guiones audiovisuales en el ámbito académico y laboral -- Capítulo VIII: Contenidos interculturales con un contexto de inteligencia artificial y narrativos de su entorno.
650 ## - PUNTO DE ACCESO ADICIONAL DE MATERIA--TÉRMINO DE MATERIA
Término de materia o nombre geográfico como elemento inicial PLATAFORMAS DIGITALES
650 ## - PUNTO DE ACCESO ADICIONAL DE MATERIA--TÉRMINO DE MATERIA
Término de materia o nombre geográfico como elemento inicial INTELIGENCIA ARTIFICIAL
650 ## - PUNTO DE ACCESO ADICIONAL DE MATERIA--TÉRMINO DE MATERIA
Término de materia o nombre geográfico como elemento inicial COMUNICACIÓN DIGITAL
650 ## - PUNTO DE ACCESO ADICIONAL DE MATERIA--TÉRMINO DE MATERIA
Término de materia o nombre geográfico como elemento inicial SOCIOLOGÍA
856 ## - LOCALIZACIÓN Y ACCESO ELECTRÓNICOS
Nombre del host https://editorial.unach.edu.ec/index.php/Editorial/catalog/book/270
Texto de enlace Libro Digital - Nuevas narrativas para el periodismo y la comunicación en la era digital
942 ## - ELEMENTOS DE PUNTO DE ACCESO ADICIONAL (KOHA)
Fuente del sistema de clasificación o colocación Clasificación Decimal Dewey
Tipo de ítem Koha Libro electrónico
999 ## - NÚMEROS DE CONTROL DE SISTEMA (KOHA)
Koha biblionumber 14468
Holdings
Estado de pérdida Fuente del sistema de clasificación o colocación Estado dañado No para préstamo Localización permanente Ubicación/localización actual Ubicación en estantería Fecha de adquisición Fuente de adquisición Total de préstamos Signatura topográfica completa Código de barras Fecha visto por última vez Número de copia Precio válido a partir de Tipo de ítem Koha Centro de costos
  Clasificación Decimal Dewey     Biblioteca Campus Norte Biblioteca Campus Norte Comunicación 31/03/2026 Producción Científica UNACH   070.4 RUA L018611 L018611 31/03/2026 Ejemplar: 01 31/03/2026 Libro electrónico  

Powered by Koha